| 000 | 01236nam a22002417a 4500 | ||
|---|---|---|---|
| 005 | 20121010141910.0 | ||
| 008 | 121010t xxu||||| |||| 00| 0 mar d | ||
| 010 | _aMAR-22782 | ||
| 020 | _c140.00 | ||
| 035 | _aMR-15440 | ||
| 037 | _bDBAD/PUB | ||
| 040 |
_aDPL _bMR |
||
| 082 | _a615.854 | ||
| 100 |
_953016 _aजोशी, विद्या र. |
||
| 245 |
_aभाज्यांविषयी सारं काही / _cविद्या र.जोशी |
||
| 246 |
_aBhajayavishai Sara kahi _bby Vidhya R.Joshi |
||
| 260 |
_aमुंबई _bनवचैतन्य प्रकाशन _c2012 |
||
| 270 |
_bमुंबई _aन्यू गजांत को.ऑप.हौ.सो.लि.ब्लॉक नं. सी / 11,तळमजला,कोसांगोनगर,फ्लायओव्हरखाली,एस्.व्ही.रोड _e400092 |
||
| 300 |
_a136पृ _c21सेमी(अजिल्द) _bसचित्र |
||
| 650 | _953690 | ||
| 942 |
_2ddc _cMR _mजोशीवि _h615.854 |
||
| 999 |
_c71555 _d71555 |
||